01322nam a2200289 i 4500001000300000245020000003260003400203300002600237500019800263650003600461650002900497655001400526700002900540700003100569700003300600710007100633020002200704040000800726041001700734080002100751920002500772942000700797008004100804999001700845856009800862952007200960bg00aEkonomia, finanse, pieniądz :bindeksy. /c[oprac. wersji pol. Maria Rzewuska, Anna Gałkiewicz, Jolanta Falkenberg] ; Urząd Komitetu Integracji Europejskiej. Departament TłumaczeńnT. 2]. aWarszawa :bUKIE,ccop. 2001. a305, [1] s. ;c21 cm. aOprac. na podstawie: "Economie, finance, monnaie" : glossaire en neuf langues, Bruxelles 1985. - Na okł. podtyt.: angielski-francuski-niemiecki-polski. - Tekst równol. ang., fr., niem., pol. 9aNauki ekonomicznexterminologia 9aSłownik wielojęzyczny aSłowniki1 aRZEWUSKA, Maria.eOprac.1 aGAŁKIEWICZ, Anna.eOprac.1 aFALKENBERG, Jolanta.eOprac. 0aUrząd Komitetu Integracji EuropejskiejbDepartament Tłumaczeń a8387913545 (2 t.) cBPK1 aenfrdeplhfr a330+336](038)=00 a83-87913-54-5 (2 t.) cKS s pl f |000 0 pol  c40172d40172 uhttp://koha.tu.koszalin.pl/cgi-bin/koha/opac-detail.pl?biblionumber=40172yKatalog online BPK 00104071aBPKbBPKceho60342p01615227t811.111(03):33 Ja-sbyKS